00991nam a2200205 a 450000100100000000500170001000800410002704000250006808200150009324500550010826000720016330000350023549000600027083000690033004900090039995201280040895201130053695201190064999900170076800002942220200930055535.0110415s1951 dr ac 000 0 spa d aDO-SdBNPbspacBNPHU axxxbS456s01aLos seguros sociales en la República Dominicana. aCiudad Trujillo, República Dominicana :bEditora Montalvo,c1951. a31 p. :bil., retrs. ;c29 cm.1 aPublicaciones de la Caja dominicana de seguros sociales 0aPublicaciones de la Caja dominicana de seguros sociales ;956302 aBNPD 001054708DSaGRbGRcCTd2011-04-27iLF1l0oxxx S456sp29422-30r2020-06-25te. 3w2020-06-25yLFDSZPréstamo en sala 0010718PDaPDbPDcCTd2011-04-15iLF1l0oxxx S456sp29422-10r2020-06-25w2020-06-25yLFPDZNo se presta 0010718PDaPDbPDcCTd2011-04-27iLF1l0oxxx S456sp29422-20r2020-06-25te. 2w2020-06-25yLFPDZNo se presta c28914d28914